Straw work and corn dollies /

Bibliographic Details
Main Author: Sandford, Lettice
Format: Book
Language:English
Published: New York : Viking Press, 1975
Series:A Studio book
Subjects:

MARC

Tag First Indicator Second Indicator Subfields
LEADER 00000cam a2200000 i 4500
001 in00000465821
005 20151013051544.0
008 750212c19751974nyua b 00010 eng
010 |a  74015660  
020 |a 0670678139 :  |c $8.95 
035 |a (OCoLC)01205993 
035 |9 ACB1333AM 
040 |a DLC  |c DLC  |d TXA  |d UtOrBLW 
049 |a TXAM  |c [1392482] 
050 0 0 |a TT876  |b .S34 1975 
082 0 |a 745.5 
100 1 |a Sandford, Lettice. 
245 1 0 |a Straw work and corn dollies /  |c Lettice Sandford. 
264 1 |a New York :  |b Viking Press,  |c 1975 
264 4 |c ©1974 
300 |a 96 pages :  |b illustrations ;  |c 21 cm. 
336 |a text  |b txt  |2 rdacontent 
337 |a unmediated  |b n  |2 rdamedia 
338 |a volume  |b nc  |2 rdacarrier 
490 0 |a A Studio book 
504 |a Bibliography: pages 95-96. 
650 0 |a Straw work. 
650 0 |a Corn dollies. 
999 |a MARS 
999 f f |s 4bddcf50-6747-3983-9892-7a42e93c7766  |i 518ccf2e-77f2-345d-bad6-91a4266c8df5  |t 0 
952 f f |p ric  |a Texas A&M University  |b Rellis Campus  |c Joint Library Facility  |d Remote Storage  |t 0  |e TT876 .S34 1975  |h Library of Congress classification  |i unmediated -- volume  |m A14805666735 
998 f f |a TT876 .S34 1975  |t 0  |l Remote Storage